000
00185 a2200097 4500
001
5576
100
_a
Allcock,HJ
245
_a
Nomognam,
260
_a
_b
Pitman
_c
090
_c
4583
_d
4583
942
_a
NUST-CAE
_c
M
_c
30915
999
_c
240649
_d
240649